LEADER 00470nab a2200145 i 4500 001 000000284665 003 CaOOAMICUS 005 20180831165259.0 008 180831n xx uu u0 0und r 013 $a37990 040 $aSeMil$bita 245 10$a[SENZA TITOLO]. 500 $aMarzo 1969, Anno 38. 773 0 $tOrientamento per il catechista : 1968-1969.$dTorino : Ufficio Catechistico Centrale Salesiano, 1969.$w()239202 996 $6245$a[SENZA TITOLO]$9(OLS)http://semarc/title/354609 LEADER 00633naa a2200157 i 4500 001 000000297700 003 CaOOAMICUS 005 20180831172610.0 008 180831n xx u000 u und u 013 $a5265 040 $aSeMil$bita 100 1 $aChiarinelli, Lorenzo,$d<1935- >.$0(OLS)http://semarc/name/23077 245 13$aLe Chiese italiane si interrogano. 650 4$aPastorale.$0(OLS)http://semarc/subject/3408 773 0 $aAmari, Giuseppe $tNuove strategie pastorali.$dCinisello Balsamo (MI) : Paoline, copyr. 1989.$z88-215-1823-X$w()48657 996 $6245$aLe Chiese italiane si interrogano$9(OLS)http://semarc/title/373720